| 000 | 00624nam a2200229 4500 | ||
|---|---|---|---|
| 003 | OSt | ||
| 005 | 20240606034036.0 | ||
| 006 | a | ||
| 008 | 240606b |||||||| |||| 00| 0 eng d | ||
| 020 | _a1584790261 | ||
| 040 |
_aDWCL-HMN lib. _cOC |
||
| 082 | _aCirc. 641.692 P485s 2001 | ||
| 100 | _aPeterson, James | ||
| 245 | _aSimply salmon / | ||
| 260 |
_aNew York : _bStewart, Tabori and Change, _cc2001. |
||
| 300 |
_b160 pages : colored illustrations ; _c24 cm. |
||
| 504 | _aIncludes index. | ||
| 650 | _a1. Cookery (Salmon). | ||
| 650 | _a2. Salmon. | ||
| 700 | _aJames Peterson | ||
| 942 |
_2ddc _n0 _cBK-CIRC _kCirc. |
||
| 999 |
_c264 _d264 |
||